Экономика и управление производством: учебное пособие для бакалавриата и магистратуры

Bibliographic Details
Main Author: Воробьева И. П. Ирина Павловна
Corporate Author: Национальный исследовательский Томский политехнический университет (ТПУ)
Other Authors: Селевич О. С. Ольга Семеновна
Summary:Серия «Университеты России» позволит высшим учебным заведениям нашей страны использовать в образовательном процессе учебники и учебные пособия по различным дисциплинам, подготовленные преподавателями лучших универси­тетов России и впервые опубликованные в издательствах университетов. Все пред­ставленные в этой серии учебники прошли экспертную оценку учебно-методического отдела издательства и публикуются в оригинальной редакции. В пособии определяется содержание, порядок изучения дисциплины «Экономика и управление производством». Предусмотрено изучение основ организации и управ­ления, затрат и результатов деятельности предприятия, исследование экономики предприятия с учетом отраслевой специфики. Предназначено для бакалавров н магистров технических специальностей очной и очно-заочной форм обучения.
Language:Russian
Published: Москва, Юрайт, 2016
Series:Университеты России
Subjects:
Format: Book
KOHA link:https://koha.lib.tpu.ru/cgi-bin/koha/opac-detail.pl?biblionumber=313195

MARC

LEADER 00000nam0a2200000 4500
001 313195
005 20240122152453.0
010 |a 9785991670272 
035 |a (RuTPU)RU\TPU\book\338579 
090 |a 313195 
100 |a 20160115d2016 m y0rusy50 ca 
101 0 |a rus 
102 |a RU 
105 |a a j 001zy 
200 1 |a Экономика и управление производством  |e учебное пособие для бакалавриата и магистратуры  |f И. П. Воробьева, О. С. Селевич  |g Национальный исследовательский Томский политехнический университет (ТПУ) 
210 |a Москва  |c Юрайт  |d 2016 
215 |a 192 с.  |c ил. 
225 1 |a Университеты России 
320 |a Библиогр.: с. 188-191. 
330 |a Серия «Университеты России» позволит высшим учебным заведениям нашей страны использовать в образовательном процессе учебники и учебные пособия по различным дисциплинам, подготовленные преподавателями лучших универси­тетов России и впервые опубликованные в издательствах университетов. Все пред­ставленные в этой серии учебники прошли экспертную оценку учебно-методического отдела издательства и публикуются в оригинальной редакции. В пособии определяется содержание, порядок изучения дисциплины «Экономика и управление производством». Предусмотрено изучение основ организации и управ­ления, затрат и результатов деятельности предприятия, исследование экономики предприятия с учетом отраслевой специфики. Предназначено для бакалавров н магистров технических специальностей очной и очно-заочной форм обучения. 
606 1 |a Предприятия  |x Экономика  |2 stltpush  |3 (RuTPU)RU\TPU\subj\36689  |9 57982 
610 1 |a фирмы 
610 1 |a организации 
610 1 |a предпринимательская деятельность 
610 1 |a предпринимательство 
610 1 |a производство 
610 1 |a производственная деятельность 
610 1 |a капитал 
610 1 |a факторы производства 
610 1 |a основные фонды 
610 1 |a кругооборот 
610 1 |a амортизация 
610 1 |a управление 
610 1 |a оборотные фонды 
610 1 |a организация производства 
610 1 |a технология 
610 1 |a организация труда 
610 1 |a оплата труда 
610 1 |a себестоимость 
610 1 |a продукция 
610 1 |a финансовые результаты 
610 1 |a ценовая политика 
610 1 |a доходы 
610 1 |a рентабельность 
610 1 |a налогообложение 
610 1 |a распределение 
610 1 |a инвестиции 
610 1 |a банковский кредит 
610 1 |a планирование 
610 1 |a отчетность 
610 1 |a бюджетирование 
610 1 |a баланс 
610 1 |a ликвидность 
610 1 |a бизнес-планирование 
610 1 |a учебные пособия 
610 1 |a труды учёных ТПУ 
686 |a У9(2)29я73  |2 rubbk 
700 1 |a Воробьева  |b И. П.  |c экономист  |c доцент Томского политехнического университета, кандидат экономических наук  |f 1949-  |g Ирина Павловна  |3 (RuTPU)RU\TPU\pers\25422 
701 1 |a Селевич  |b О. С.  |c экономист  |c доцент Томского политехнического университета, кандидат экономических наук  |f 1977-  |g Ольга Семеновна  |3 (RuTPU)RU\TPU\pers\25441  |9 11383 
712 0 2 |a Национальный исследовательский Томский политехнический университет (ТПУ)  |c (2009- )  |3 (RuTPU)RU\TPU\col\15902 
801 1 |a RU  |b 63413507  |c 20160115 
801 2 |a RU  |b 63413507  |c 20230404  |g RCR 
942 |c BK